| 000 | 01160nam a2200217Ia 4500 | ||
|---|---|---|---|
| 003 | Ost | ||
| 005 | 20260507075641.0 | ||
| 008 | 260507s9999||||xx |||||||||||||| ||und|| | ||
| 040 | _cfsecg | ||
| 041 | _aara | ||
| 082 | _a519.72 | ||
| 100 |
_aالسيد، اسماعيل _eمؤلف |
||
| 245 | 0 |
_aالأساليب الكمية في مجال الأعمال / _c اسماعيل السيد |
|
| 260 |
_aالإسكندرية: _bالدار الجامعية, _c2001 |
||
| 300 |
_a405 صفحة؛ _bإيضاحات ؛ _c24 سم |
||
| 520 | _aأساسيات تحليل القرار واتخاذه- شجرة القرارات ونظرية المنفعة- اتخاذ القرارات ذات المعايير- تحليل ماركوف- نظرية المباريات ذات المجموع الصفري- جدولة المشروعات- البرمجة الدينامكية - أسلوب البرمجة الخطية- تكوين وصياغة النموذج البرمجة الخطية وحلها باستخدام أسلوب السمبلكس | ||
| 653 | _aاتخاذ القرارات | ||
| 653 | _aالأعمال | ||
| 653 | _aالبرمجة الخطية | ||
| 942 | _cكتاب | ||
| 999 |
_c45412 _d45412 |
||